Sor Juana de la Cruz, mística e iluminista toledadna / (Record no. 73565)

MARC details
000 -LEADER
campo de control de longitud fija 00847nam a2200193 i 4500
001 - NÚMERO DE CONTROL
campo de control 73565
003 - IDENTIFICADOR DE NÚMERO DE CONTROL
campo de control ES-MaACL
007 - CAMPO FIJO DE DESCRIPCIÓN FÍSICA--INFORMACIÓN GENERAL
campo de control de longitud fija t|
008 - DATOS DE LONGITUD FIJA--INFORMACIÓN GENERAL
campo de control de longitud fija 040908s1982 sp ||||1| spa d
100 1# - ENTRADA PRINCIPAL--NOMBRE DE PERSONA
Nombre de persona Gómez López, Jesús.
9 (RLIN) 58016
245 10 - MENCIÓN DEL TÍTULO
Título Sor Juana de la Cruz, mística e iluminista toledadna /
Mención de responsabilidad, etc. Jesús Gómez López, Inocente García de Andrés.
260 ## - PUBLICACIÓN, DISTRIBUCIÓN, ETC.
Lugar de publicación, distribución, etc. Toledo :
Nombre del editor, distribuidor, etc. Instituto Provincial de Investigaciones y Estudios Toledanos,
Fecha de publicación, distribución, etc. 1982.
300 ## - DESCRIPCIÓN FÍSICA
Extensión 56 p. :
Otras características físicas il. ;
Dimensiones 21 cm.
490 1# - MENCIÓN DE SERIE
Mención de serie Publicaciones del Instituto Provincial de Investigaciones y Estudios Toledanos. Serie VI. Temas toledanos ;
Designación de volumen o secuencia 21
700 1# - ENTRADA AGREGADA--NOMBRE PERSONAL
Nombre de persona García de Andrés, Inocente.
9 (RLIN) 54403
830 00 - PUNTO DE ACCESO ADICIONAL DE SERIE-TÍTULO UNIFORME
Título uniforme Publicaciones del Instituto Provincial de Investigaciones y Estudios Toledanos
Designación de volumen o secuencia 21
9 (RLIN) 242140
852 ## - LOCALIZACIÓN
Ubicación ES-MaACL
Número de control de estantería L-6320
Sublocalización o colección R.106559
Holdings
Estatus retirado Estado de pérdida Estado de daño No para préstamo Biblioteca de origen Biblioteca actual Ubicación en estantería Fecha de adquisición Fuente de adquisición Total de préstamos Signatura topográfica completa Código de barras Visto por última vez Precio de reemplazo Tipo de ítem Koha
        Biblioteca del Ateneo de Madrid Biblioteca del Ateneo de Madrid Depósito 2 17/01/2008     L-6320 1077000 23/02/2023 23/02/2023 Libro impreso